|
|
|
|
| LEADER |
00000cam a2200000 i 4500 |
| 001 |
1/1713 |
| 008 |
000417s1998 eng d |
| 020 |
|
|
|a 0789710226
|
| 035 |
|
|
|l 10060126
|
| 040 |
|
|
|a GR-MY-UA
|b gre
|e aacr
|
| 041 |
0 |
|
|a eng
|
| 082 |
0 |
|
|a 005.7565
|
| 100 |
1 |
|
|a Wempen, Faithe.
|
| 245 |
1 |
0 |
|a 10 minute guide to Access 97 /
|c by Faithe Wempen
|
| 246 |
3 |
3 |
|a Ten minute guide to Access 97
|
| 260 |
|
|
|a Indianapolis, Ind. :
|b Que,
|c c1997
|
| 300 |
|
|
|a x, 214 p.;
|b ill.;
|c 21 cm.
|
| 504 |
|
|
|a Includes index
|
| 630 |
0 |
0 |
|a Microsoft Access.
|
| 650 |
0 |
0 |
|a Database management.
|
| 852 |
|
|
|a INST
|b SAMOS
|e 20000417
|h 005.7565 WEM
|p 005300015360
|q 005300015360
|t BK
|y 0
|
| 901 |
|
|
|a BIBL3-2000-1
|
| 909 |
|
|
|a Σ
|b 075104
|
| 922 |
|
|
|a 3ΕΛΗ
|b 200003
|c ΤΠΕΣ/ΤΑΚΤ
|d Παπασωτηρίου
|
| 970 |
|
|
|a Γενούζου
|b Χρυσάνθη
|z 2000/04/17
|